Humanity and society ; (Record no. 142751)

MARC details
000 -LEADER
fixed length control field 00603nam a22001937a 4500
005 - DATE AND TIME OF LATEST TRANSACTION
control field 20170721111200.0
010 ## - LCCN (DPL NO)
LC control number ENG-119368
020 ## - INTERNATIONAL STANDARD BOOK NUMBER
International Standard Book Number 9789350020067
Terms of availability 395.00
035 ## - SYSTEM CONTROL NUMBER
System control number EN-102900
037 ## - SOURCE OF ACQUISITION
Source of stock number/acquisition DBAD/PUB
082 ## - DEWEY DECIMAL CLASSIFICATION NUMBER
Classification number 909
100 ## - MAIN ENTRY--PERSONAL NAME
Personal name Cameron, Kenneth Neill
245 ## - TITLE STATEMENT
Title Humanity and society ;
Remainder of title a world history /
Statement of responsibility, etc by Kenneth Neill Cameron
260 ## - PUBLICATION, DISTRIBUTION, ETC. (IMPRINT)
Place of publication, distribution, etc Delhi
Name of publisher, distributor, etc Aakar Books
Date of publication, distribution, etc 2009
270 ## - ADDRESS
Address 28 E Pocket IV, Mayur Vihar Phase I
City Delhi
Postal code 110091
300 ## - PHYSICAL DESCRIPTION
Extent x,470p.
Dimensions 22cm. (pbk)
500 ## - GENERAL NOTE
General note Include bibliographic reference and index
942 ## - ADDED ENTRY ELEMENTS (KOHA)
Source of classification or shelving scheme Dewey Decimal Classification
Item type English Books
Classification part 909
Call number suffix CAM
Holdings
Withdrawn status Lost status Not for loan Collection code Home library Current library Date acquired Source of acquisition Cost, normal purchase price Full call number Barcode Copy number Cost, replacement price Koha item type
    Not For Loan Non-fiction D.B.Act.Division Bawana 21/07/2017 DBAD/PUB 395.00 909 CAM EN-102900 1 395.00 English Books

© Delhi Public Library
Hit Counter
free hit counter